000 00780nam a2200217 a 4500
001 000048857
005 20201002061448.0
008 190422s2016 pr a 000 0 spa d
020 _a9780974623665
040 _aDO-SdBNP
_bspa
_cBNPHU
100 1 _aClamart
_976304
245 1 0 _aCaribes :
_bcreencias y rituales /
_cSebastián Robiou Lamarche ; prólogo de Jean pierre Moreau, Francia Clamart.
250 _a2a. ed. rev.
260 _aSan Juan, Puerto Rico :
_bPunto y Coma,
_c2016.
300 _a261 p. :
_bil.
500 _aSebastián Robiou Lamarche, nació en la Vega (República Dominicana)
504 _aBibliografía : p. 242-261
590 _aInventariado, 2019/VM
700 1 _aRobiou Lamarche, Sebastián
_epról.
_99669
700 1 _aClamart, Francia
_epról.
_976305
999 _c48345
_d48345